Personnages de Star Wars - Statistiques

Statistiques générales
  • Ce quiz a été pris 2 868 fois
    2 837 depuis la dernière actualisation
  • Le résultat moyen est 18 sur 26
Statistiques - réponses
Description Personnage % Correct
Princesse, sénatrice et générale rebelle Leia Organa
96%
Jedi le plus sage du Conseil Maître Yoda
95%
Reine de Naboo Padme Amidala
94%
Droïde protocolaire d'Anakin Skywalker C-3PO
92%
Sith, bras droit de l'Empereur Palpatine Dark Vador
92%
Seigneur noir des Sith Dark Sidious
91%
Sith au double sabre laser Dark Maul
90%
Droïde astromecano R2-D2
88%
Fidèle compagnon d'Han Solo Chewbacca
84%
Jedi du Conseil au sabre laser violet Mace Windu
84%
Maître d'Obi-Wan Kenobi Qui-Gon Jinn
83%
Chasseur de prime, fils de Jango Boba Fett
82%
Général Cyborg, Chef de l'Armée droïde Grievous
77%
Maître des Chevaliers de Ren Kylo Ren
76%
Suprême Leader du Premier Ordre Snoke
72%
Dark Tyranus Comte Dooku
69%
Mère d'Anakin Skywalker Shmi Skywalker
62%
Chef de l'organisation criminelle de Tatooine Jabba le Hutt
61%
Amiral et Gouverneur de l'Etoile Noire Moff Tarkin
55%
Sénateur d'Alderaan Bail Organa
52%
Commandant Suprême de la Flotte Rebelle Amiral Ackbar
41%
Chancelier précédant Palpatine Valorum
33%
Vice-Roi de la Fédération du Commerce Nute Gunray
31%
Ingénieur de l'Etoile Noire Galen Erso
22%
Directeur du Projet "Étoile Noire" Orson Krennic
21%
Rebelle extrémiste de Jeddah Saw Gerrera
20%
Aucun quiz correspondant
Distribution des résultats
% des personnes avec chaque résultat
Percentile par nombre de réponses
Votre historique - résultats
Vous n’avez pas pris ce quiz depuis la dernière actualisation